| 000 | 00755nam a22002057a 4500 | ||
|---|---|---|---|
| 005 | 20260107162241.0 | ||
| 008 | 260107b |||||||| |||| 00| 0 eng d | ||
| 037 | _cTB | ||
| 040 |
_aAL _cAL |
||
| 041 |
_2हिन्दी _aहिन्दी |
||
| 084 |
_aMissing _qAL |
||
| 100 |
_aदेवी , महाश्वेता _9862837 |
||
| 245 | _aभारत में बंधुआ मजदूर | ||
| 260 |
_aदिल्ली _bराधाकृषण _c1991 |
||
| 300 | _a361 | ||
| 365 | _b175 | ||
| 650 | _2हिन्दी साहित्य | ||
| 942 |
_2CC _cTB _hMissing _n0 |
||
| 999 |
_c1467206 _d1467206 |
||